Normal view
MARC view
Entry Personal Name
001 - CONTROL NUMBER
- control field: 81794
003 - CONTROL NUMBER IDENTIFIER
- control field: OSt
005 - DATE AND TIME OF LATEST TRANSACTION
- control field: 20230302131905.0
008 - FIXED-LENGTH DATA ELEMENTS
- fixed length control field: 230302|| aca||aabn | a|a d
040 ## - CATALOGING SOURCE
- Original cataloging agency: OSt
- Transcribing agency: OSt
100 ## - HEADING--PERSONAL NAME
- Personal name: Shailaja Menon
- Dates associated with a name: Foreword by shashi Tharoor
670 ## - SOURCE DATA FOUND
- Source citation: Work cat.: (OSt)65959: Shailaja Menon Foreword by shashi Tharoor , Yoga Shakti awaken your own power , 2018









